|
|
|
|
| LEADER |
01596nam a2200409Ia 4500 |
| 001 |
EBC1094237 |
| 003 |
MiAaPQ |
| 005 |
20200520144314.0 |
| 006 |
m o d | |
| 007 |
cr cn||||||||| |
| 008 |
120720s2013 dcua sb 000 0 eng d |
| 010 |
|
|
|z 2012029611
|
| 020 |
|
|
|z 9780821396285
|
| 020 |
|
|
|a 9780821396292 (electronic bk.)
|
| 035 |
|
|
|a (MiAaPQ)EBC1094237
|
| 035 |
|
|
|a (Au-PeEL)EBL1094237
|
| 035 |
|
|
|a (CaPaEBR)ebr10629251
|
| 035 |
|
|
|a (CaONFJC)MIL417732
|
| 035 |
|
|
|a (OCoLC)823380528
|
| 040 |
|
|
|a MiAaPQ
|c MiAaPQ
|d MiAaPQ
|
| 050 |
|
4 |
|a HG187.5.A2
|b F558 2013
|
| 245 |
0 |
0 |
|a Financial sector development in Africa
|h [electronic resource] :
|b opportunities and challenges /
|c Thorsten Beck, Samuel Munzele Maimbo, editors.
|
| 260 |
|
|
|a Washington, D.C. :
|b World Bank,
|c c2013.
|
| 300 |
|
|
|a xx, 231 p. :
|b ill.
|
| 490 |
1 |
|
|a Directions in development . Finance
|
| 504 |
|
|
|a Includes bibliographical references.
|
| 533 |
|
|
|a Electronic reproduction. Ann Arbor, MI : ProQuest, 2015. Available via World Wide Web. Access may be limited to ProQuest affiliated libraries.
|
| 650 |
|
0 |
|a Finance
|x Government policy
|z Africa.
|
| 650 |
|
0 |
|a Finance
|z Africa.
|
| 650 |
|
0 |
|a Financial services industry
|z Africa.
|
| 651 |
|
0 |
|a Africa
|x Economic conditions
|y 21st century.
|
| 655 |
|
4 |
|a Electronic books.
|
| 700 |
1 |
|
|a Beck, Thorsten.
|
| 700 |
1 |
|
|a Maimbo, Samuel Munzele.
|
| 710 |
2 |
|
|a ProQuest (Firm)
|
| 830 |
|
0 |
|a Directions in development (Washington, D.C.).
|p Finance.
|
| 856 |
4 |
0 |
|u https://ebookcentral.proquest.com/lib/matrademy/detail.action?docID=1094237
|z Click to View
|